[Event "Paris-ch op-B 87th"]
[Site "Paris"]
[Date "2012.07.10"]
[Round "4"]
[White "Guille, Jean Luc"]
[Black "Denous, Cyprien"]
[Result "0-1"]
[WhiteElo "1962"]
[BlackElo "2053"]
[PlyCount "80"]
[EventDate "2012.07.07"]
[EventType "swiss"]
[EventRounds "9"]
[EventCountry "FRA"]
[SourceTitle "EXT 2013"]
[Source "ChessBase"]
[SourceDate "2012.11.22"]
[SourceVersion "1"]
[SourceVersionDate "2012.11.22"]
[SourceQuality "1"]

1. d4 Nf6 2. c4 g6 3. Nc3 Bg7 4. e4 d6 5. Nf3 0-0 6. Be2 e5 7. 0-0 Nc6 8. d5 Ne7 9. b4 Nh5 10. Re1 a5 11. Ba3 axb4 12. Bxb4 b6 13. g3 f5 14. Ng5 Nf6 15. Bf3 h6 16. Ne6 Bxe6 17. dxe6 c5 18. exf5 Ra6 19. Bb7 Ra7 20. Nb5 Rxb7 21. Nxd6 Rb8 22. Bc3 Nfd5 23. Bxe5 Bxe5 24. Nf7 Qc7 25. Nxe5 Rxf5 26. Nd7 Nb4 27. Nxb8 Qxb8 28. Qd7 Nbc6 29. Rad1 Qf8 30. Qc7 Nd4 31. f4 Rf6 32. Rxd4 cxd4 33. Qxb6 Qc8 34. c5 d3 35. Qd6 d2 36. Qxd2 Qxc5+ 37. Kg2 Qc6+ 38. Kh3 Rxe6 39. Qd8+ Kf7 40. Rd1 Re2 0-1

[Event "Paris-ch op-B 87th"]
[Site "Paris"]
[Date "2012.07.08"]
[Round "2"]
[White "Guille, Jean Luc"]
[Black "Gautier, Serge"]
[Result "0-1"]
[WhiteElo "1962"]
[BlackElo "2134"]
[PlyCount "80"]
[EventDate "2012.07.07"]
[EventType "swiss"]
[EventRounds "9"]
[EventCountry "FRA"]
[SourceTitle "EXT 2013"]
[Source "ChessBase"]
[SourceDate "2012.11.22"]
[SourceVersion "1"]
[SourceVersionDate "2012.11.22"]
[SourceQuality "1"]

1. d4 Nf6 2. c4 e6 3. Nc3 Bb4 4. Qc2 0-0 5. a3 Bxc3+ 6. Qxc3 d5 7. Nf3 c5 8. dxc5 Ne4 9. Qc2 a5 10. e3 Na6 11. Be2 Naxc5 12. 0-0 Bd7 13. Nd4 Rc8 14. f3 Nf6 15. b4 Na6 16. c5 axb4 17. Bxa6 b3 18. Nxb3 bxa6 19. a4 Qc7 20. Bd2 Bc6 21. Qd3 Nd7 22. Rfc1 Ne5 23. Qxa6 Nc4 24. Rxc4 dxc4 25. Nd4 Rfd8 26. Ba5 Qe5 27. Re1 Ra8 28. Qxc6 Rxa5 29. Qb6 Raa8 30. Nc6 Qc3 31. Re2 Rd2 32. Qb7 Qa1+ 33. Kf2 Rxe2+ 34. Kxe2 Qxa4 35. Ne7+ Kf8 36. Kf2 Qa7 37. Qc6 Kxe7 38. Qd6+ Ke8 39. Qc6+ Kf8 40. Qe4 Kg8 0-1